LEADER 00583nam a2200169 i 4500 001 000000251093 003 CaOOAMICUS 005 20160906000000.0 008 160906s1833 it u000 u ita u 013 $a229998 040 $aSeMil$bita 245 10$aVol. 2. 300 $a989 p. 773 0 $aIustinianus I $tPandette di Giustiniano.$dIn Venezia : Antonio Bazzarini e C., 1833-1836.$g2$w()10137 850 $aSeMil 852 $aSeMil$W1$xVenegono$y1$m3L VII 2 FA$j201439$B201439$CSeMilBibl$Z2$F213347 $8I 996 $6245$aVol. 2$9(OLS)http://semarc/title/13458 LEADER 00876nam a2200229 i 4500 001 000000184631 003 CaOOAMICUS 005 20100114000000.0 008 100114s1932 it u000 u ita u 013 $a162613 040 $aSeMil$bita 100 1 $aMerezkovskij, Dmitrij Sergeevic,$d<1865-1941>.$0(OLS)http://semarc/name/7524 245 10$a2 /$cDmitrij Merezkovskij. 260 $aTorino :$bSlavia,$c1932. 300 $a330 p. ;$c19 cm. 490 0 $aIl genio slavo ;$v27 773 0 $aMerezkovskij, Dmitrij Sergeevic <1865-1941>$tAnticristo.$dTorino : Slavia, 1932.$w()16303 830 3$aIl genio slavo ;$v27.$0(OLS)http://semarc/title/30469 850 $aSeMil 852 $aSeMil$W1$xVenegono$y1$m2X I 97$j135327$B135327$CSeMilBibl$Z2$F146892 $81 996 $6245$a2$9(OLS)http://semarc/title/46890 996 $6260$aTorino :$bSlavia$9(OLS)http://semarc/publisher/34368